000 00585nam a2200157 i 4500
001 69327
003 ES-MaACL
005 20230906170508.0
007 t|
008 040705s1946 cu ||||1| spa d
100 1 _aGarcía Bárcena, Rafael.
_954225
245 1 0 _aDiscurso pronunciado en el Aula Magna de la Universidad de La Habana...
_b: para conmemorar la muerte del profesor Ramiro Valdés Daussa /
_cRafael García Bárcena.
260 _aLa Habana :
_b[s.n.,
_c1946] (
_fImp. de la Universidad de La Habana)
300 _a26 p. ;
_c24 cm.
852 _aES-MaACL
_j1600-F-27
_bR.26543
999 _c69327
_d69327